Proceedings of the first International Symposium on Drying, McGill University, Montreal, Canada, August 3-5, 1978 /

Guardado en:
Autores Corporativos: International Symposium on Drying McGill University), McGill University.
Otros Autores: Mujumdar, A. S., (Editor , ed.)
Formato: Libro
Idioma:English
Publicado: Princeton, N.J. : Science Press, c1978.
Materias:
Etiquetas: Agregar Etiqueta
Sin Etiquetas, Sea el primero en etiquetar este registro!
LEADER 00969pam a22002415a 4500
001 EIQ.libpla002150
008 780623s1978####njua#####b####101#0#eng#d
005 20070425152332.0
245 1 0 |a Proceedings of the first International Symposium on Drying, McGill University, Montreal, Canada, August 3-5, 1978 /  |c A. S. Mujumdar, editor. 
260 |a Princeton, N.J. :  |b Science Press,  |c c1978. 
300 |a vi, 254 p. :  |b il. ;  |c 32 cm. 
504 |a Incluye referencias bibliográficas e índices. 
020 |a 0895000156 
111 2 |a International Symposium on Drying  |n (1st :  |d 1978 :  |c McGill University) 
700 1 |a Mujumdar, A. S.,  |e ed.  |4 edt 
710 2 |a McGill University. 
082 0 0 |a 660.2/8426 
650 0 |a Secado  |x Congresos. 
650 0 |a Drying  |x Congresses. 
010 |a  78019938  
040 |a DLC  |c DLC  |d AR-BbSID 
859 |a AR-BbSID  |b BIB. PLAPIQUI  |h 660.284 26  |i In 8  |p 1020  |t Ej. 1  |v Ej. 1 
859 |a AR-BbSID  |b BIB. PLAPIQUI  |h 660.284 26  |i In 8  |p 2006  |t Ej. 2  |v Ej. 2